00697 a2200205 4500010001400000020001000014035001300024037001600037082001100053090001700064100002500081245005300106260003700159270007000196300003100266700001700297942002600314999001700340952013400357 aENG-90077 c75.00 aEN-73610 bDBAD / PUB14a793.74 c12295d12295 aIndira Narasinga Rao1 aMagic of magic squares/cby Indira Narasinga Rao aChennaibIndira Publishersc2007 aNo. 22/19, Anjaneyar Koil Street, East Tambaram,bChennaie600059 aviii, 104p.c21 cm ( Pbk.) aHusain, M.G. adplcENk793.74 / IND c11941d11941 00102ddc40718NFICaDBADbDBADeDBAD/PUBg75.00l0o793.74 INDpEN-73610r2008-09-15 00:00:00t1u13059v75.00w2008-09-15yEN